Normal view MARC view
  • Hasler Hangert, Andrés,

Entry Nombre Personal

Number of records used in: 2

001 - NUMERO DE CONTROL

  • campo de control: 37807

003 - IDENTIFICADOR DE NUMERO DE CONTROL

  • campo de control: UPN

005 - FECHA Y HORA DE LA ÜLTIMA TRANSACCIÓN

  • campo de control: 20210219194529.0

008 - DATOS DE LONGITUD FIJA

  • campo de control de longitud fija: nabaccnnaabn|||||||||| b |nc|||||d

035 ## - NUMERO DE CONTROL

  • Número de control: UPN11000009914

040 ## - FUENTE DE CATALOGACIÓN

  • Lenguaje de catalogación: SPA
  • Agencia de transcripción: UPN

100 1# - ENCABEZAMIENTO - NOMBRE PERSONAL

  • Nombre personal: Hasler Hangert, Andrés,
  • Fechas asociadas con el nombre: 1956-

400 1# - VEÁSE - NOMBRE DE PERSONA

  • Personal name: Hasler, Andrés

670 ## - FUENTE EN LA QUE SE LOCALIZARON DATOS

  • Cita de la fuente: T
  • Uniform Resource Identifier: https://ciesasgolfo.wordpress.com/titulares/hasler-hangert-andres-teyolotzin/

680 ## - NOTA PUBLICA DE ACCESO PÚBLICO

  • Frase explicativa de la referencia: Estudió Antropología Lingüística en la Universidad Veracruzana 1976-1980) y posteriormente ingresó como becario en Ciesas-Golfo, donde realizó su tesis de Licenciatura (1984)

902 ## - CATALOGADOR

  • Catalogador: BDV/191015